[Event "9th HDBank Open 2019"]
[Site "Ho Chi Minh City"]
[Date "2019.03.08"]
[Round "2.28"]
[White "Duong, The Anh"]
[Black "Wang, Hao"]
[Result "0-1"]
[WhiteElo "2301"]
[BlackElo "2718"]
[Annotator "TA"]
[PlyCount "44"]
[EventDate "2019.03.07"]
[EventType "swiss"]
[EventCountry "VIE"]
[SourceTitle "playchess.com"]
[Source "ChessBase"]
[SourceQuality "1"]

{[%evp 9,44,-31,-35,-132,0,0,0,-67,-85,-147,-168,-157,-164,-210,-197,-179,-182,-352,-318,-751,-404,-786,-766,-833,-480,-479,-472,-677,-674,-674,-664,-666,-665,-659,-658,-633,-626]} 1. d4 Nf6 2. Bg5 c5 3. Nc3 d5 4. e3 cxd4 5. Qxd4 (5. exd4 Nc6 6. Bxf6 gxf6 7. Qh5 e6 8. O-O-O Bb4 9. Nge2 Bd7 10. h4 Qe7 11. a3 Ba5 12. Rh3 O-O-O 13. Re3 {½-½ (39) Rapport,R (2707)-Vachier Lagrave,M (2789) Riadh 2017}) 5... Nc6 6. Qh4 {[#] D01: Veresov Opening} (6. Bb5 $15) 6... e6 (6... Ne4 $1 $17 {[%cal Re4c3][%mdl 512]} 7. Nxe4 dxe4) 7. Nf3 $146 ({Predecessor:} 7. O-O-O Be7 8. e4 d4 9. e5 Nd7 10. Bxe7 Qxe7 11. Qxe7+ Kxe7 12. Nb5 Ndxe5 13. Nxd4 Nxd4 14. Rxd4 {½-½ (57) Bui,V (2480)-Zeng,C (2350) Olongapo City 2010}) 7... Be7 8. e4 ({White should try} 8. O-O-O $11) 8... dxe4 $15 9. Nxe4 (9. Nd2 $142) 9... Nxe4 $17 10. Bxe7 {[#]} Qa5+ $1 ({Not} 10... Qxe7 11. Qxe4 f5 12. Qa4 $11) 11. c3 Nxc3 $1 12. Bg5 {aiming for Bd2.} Ne4+ $1 ({Stronger than} 12... Nxa2+ 13. Bd2 $16) 13. Kd1 $2 (13. Bd2 Nxd2 14. Nxd2) 13... Qd5+ $19 14. Bd2 $2 (14. Ke2 h6 15. Rd1) 14... O-O 15. Rc1 (15. Ke1 $142 Nxd2 16. Nxd2) 15... Ne5 {Hoping for ...Nxf3.Black is clearly winning.} 16. Qh5 Nxf3 {[%csl Ge4,Gf3][%cal Rd5d2]} 17. Qxd5 exd5 18. gxf3 (18. Be3 $142 Ne5 19. Ke1) 18... Nxf2+ {[%mdl 64] Double Attack} 19. Ke2 Nxh1 20. Bg2 Re8+ 21. Kf1 Bf5 22. Bxh1 Rac8 {Accuracy: White = 11%, Black = 77%.} 0-1

[Event "9th HDBank Open 2019"]
[Site "Ho Chi Minh City"]
[Date "2019.03.08"]
[Round "2.29"]
[White "Priyanka Nutakki"]
[Black "Nguyen, Ngoc Truong Son"]
[Result "0-1"]
[WhiteElo "2297"]
[BlackElo "2647"]
[Annotator "TA"]
[PlyCount "104"]
[EventDate "2019.03.07"]
[EventType "swiss"]
[EventCountry "VIE"]
[SourceTitle "playchess.com"]
[Source "ChessBase"]
[SourceQuality "1"]

{[%evp 26,104,0,-28,-28,-20,-37,-41,-22,-73,-81,-84,-58,-104,-101,-104,-95,-96,-102,-108,-87,-123,-123,-123,-123,-123,-123,-123,-123,-166,-123,-123,-123,-123,-123,-123,-123,-123,-124,-141,-141,-141,-147,-141,-141,-160,-141,-155,-141,-156,-141,-163,-162,-156,-156,-162,-137,-137,-137,-137,-137,-137,-137,-29975,-29976,-29976,-29977,-29976,-29978,-29978,-29979,-29979,-29980,-29981,-29982,-29983,-29984,-29984,-29985,-29985,-29986]} 1. c4 c5 2. Nc3 g6 3. Nf3 Bg7 4. e3 Nf6 5. d4 O-O 6. Be2 cxd4 7. Nxd4 Nc6 8. O-O d5 9. cxd5 Nxd5 10. Nxd5 Qxd5 11. Bf3 Qc5 12. Nxc6 bxc6 13. Qa4 Rb8 14. Qxc6 {LiveBook: 10 Games. A35: Symmetrical English: 2 Nc3 Nc6 3 Nf3} Qa5 15. Qc2 $146 ({Predecessor:} 15. Rd1 Ba6 16. Qc2 Rfc8 17. Qd2 Qb6 18. a4 Rd8 19. Qe1 Bc4 20. a5 Qb3 21. Rd2 e6 {0-1 (48) Prasanna Raghuram,R (2424)-Smirnov,P (2588) Mumbai 2015}) 15... Bf5 16. e4 {Black is slightly better.} Rfc8 17. Qd2 (17. Qe2 $1 $11 {was the only way to keep the balance.} Be6 18. Rd1) 17... Qxd2 $17 18. Bxd2 Be6 19. Bc3 Bxc3 20. bxc3 Rxc3 21. a4 a5 22. Be2 Rb4 23. Bb5 Rxe4 24. Rfc1 Rxc1+ 25. Rxc1 {[%mdl 4096] Endgame KRB-KRB} Bb3 26. f3 Rb4 ({Worse is} 26... Bxa4 27. fxe4 Bxb5 28. Rc5 $16) 27. Rc8+ Kg7 28. Ra8 Bxa4 29. Bf1 Bc6 30. Rxa5 e6 31. Kf2 Bd5 32. Ra7 h5 33. Rc7 g5 {[%cal Bg6g5,Bg5g4][%mdl 32]} 34. Rc2 f5 35. Rd2 Kf6 36. Be2 Rb1 37. Bd1 Ra1 38. Be2 g4 39. Bd1 Kg5 40. Be2 Rh1 41. Rd1 Rxd1 42. Bxd1 gxf3 43. gxf3 {KB-KB} Kf4 44. h4 $2 {[%mdl 8192] [#]} (44. Be2 $17) 44... e5 {Black mates.} 45. Be2 Bb3 46. Bb5 Bd1 47. Bc6 e4 48. fxe4 fxe4 {[%cal Bf5e4,Be4e3][%mdl 32]} 49. Bd5 Bf3 50. Be6 e3+ 51. Kf1 Kg3 52. Bc4 Kxh4 {Precision: White = 35%, Black = 92%.} 0-1

[Event "9th HDBank Open 2019"]
[Site "Ho Chi Minh City"]
[Date "2019.03.08"]
[Round "2.30"]
[White "Xu, Minghui"]
[Black "Wen, Yang"]
[Result "1/2-1/2"]
[WhiteElo "2293"]
[BlackElo "2599"]
[Annotator "TA"]
[PlyCount "97"]
[EventDate "2019.03.07"]
[EventType "swiss"]
[EventCountry "VIE"]
[SourceTitle "playchess.com"]
[Source "ChessBase"]
[SourceQuality "1"]

{[%evp 9,97,59,91,26,26,9,13,22,28,24,29,35,48,31,42,29,40,29,33,35,47,44,39,32,25,24,29,25,27,4,10,0,0,0,0,0,0,0,0,-2,-3,-3,-3,-3,0,0,0,-3,0,0,0,0,0,0,0,0,0,0,0,0,0,0,0,0,0,-8,0,0,0,0,0,0,0,0,0,0,0,0,0,0,0,0,0,0,0,0,0,0,0,0]} 1. d4 Nf6 2. c4 e6 3. Nc3 Bb4 4. Qc2 b6 5. e4 c5 {[#]} 6. d5 {E32: Nimzo-Indian: Classical (4 Qc2): 4...0-0} (6. e5 $1 $16) 6... Qe7 $11 (6... exd5 7. exd5 Qe7+ 8. Nge2 O-O 9. Bd2 d6 10. O-O-O Ng4 11. Be1 Nd7 12. Ng3 Ndf6 13. h3 Ne5 {1-0 (35) Zhou,J (2597)-Wei,Y (2743) Shenzhen 2017}) 7. dxe6 Qxe6 8. f3 Nc6 9. Bd2 Nd4 10. Qd3 $146 ({Predecessor:} 10. Qd1 O-O 11. Nge2 Bb7 12. Nxd4 cxd4 13. Nb5 Bxe4 14. Bxb4 Bxf3+ {1-0 (37) Finegold,B (2481)-Sukandar,I (2423) Saint Louis 2017}) 10... Ba6 11. Rd1 O-O 12. a3 Bxc3 13. Bxc3 b5 {[%cal Rb5c4]} 14. Ne2 $1 ({Reject} 14. Bxd4 bxc4 15. Qe3 cxd4 $17) 14... bxc4 15. Nxd4 cxd3 16. Nxe6 fxe6 17. Bxd3 Bxd3 18. Rxd3 d5 19. Bxf6 Rxf6 {The position is equal.} 20. exd5 {[%mdl 4096] Endgame KRR-KRR} c4 21. Rd4 exd5 22. Rxd5 Rb8 23. Rd2 Rfb6 {[#] ...c3 is the strong threat.} 24. Ke2 Rxb2 25. Rc1 Re8+ 26. Kd1 Rb3 27. Rxc4 Rxa3 28. Rc7 h6 29. g3 Ra1+ 30. Kc2 Ra2+ 31. Kd1 Ra1+ 32. Kc2 Ree1 33. Rdd7 Rac1+ 34. Kd3 Rcd1+ 35. Kc4 Rxd7 36. Rxd7 {KR-KR} Rc1+ 37. Kb4 Rh1 38. Rxa7 Rxh2 39. g4 Rh3 40. Ra3 Kf7 41. Kc4 Kf6 42. Kd4 Kg5 43. Ke4 Kh4 44. Kf5 g5 45. Kg6 Kg3 46. f4+ Kxg4 47. Rxh3 Kxh3 48. fxg5 hxg5 49. Kxg5 {Accuracy: White = 73%, Black = 88%.} 1/2-1/2

[Event "9th HDBank Open 2019"]
[Site "Ho Chi Minh City"]
[Date "2019.03.08"]
[Round "3.1"]
[White "Laxman, R.R."]
[Black "Mareco, Sandro"]
[Result "1/2-1/2"]
[WhiteElo "2425"]
[BlackElo "2666"]
[Annotator "TA"]
[PlyCount "54"]
[EventDate "2019.03.07"]
[EventType "swiss"]
[EventCountry "VIE"]
[SourceTitle "playchess.com"]
[Source "ChessBase"]
[SourceQuality "1"]

{[%evp 16,54,33,0,17,0,0,-38,-32,-44,-37,-38,0,0,0,0,0,0,0,0,0,0,7,-22,-22,-38,-40,-62,-52,-85,-82,-83,0,0,0,0,0,0,0,0,0]} 1. d4 Nf6 2. Nf3 g6 3. c4 Bg7 4. Nc3 d5 5. cxd5 Nxd5 6. Bd2 O-O 7. e4 Nxc3 8. Bxc3 b6 9. Rc1 Nd7 {D85: Exchange Grünfeld: Unusual White 7th moves and lines with 7 Nf3} (9... Bb7 10. Bd3 Nd7 11. O-O e6 12. b4 Qe7 13. Qb3 Rfd8 14. Bb2 Nf6 15. Rfe1 Ne8 16. Bb5 a5 17. bxa5 Rxa5 {½-½ (74) Dreev,A (2698)-Krasenkow,M (2663) Mainz 2005}) 10. b4 $146 ({Predecessor:} 10. Bd3 c5 11. d5 Qc7 12. O-O Ne5 13. Be2 Nxf3+ 14. Bxf3 Be5 15. h4 Rd8 16. h5 Bxc3 17. Rxc3 {1-0 (29) Myc,M (2318)-Borowicz,P (1984) Poland 2013}) 10... e6 11. b5 Bb7 {Black is slightly better.} 12. Bd3 a6 13. a4 Re8 14. O-O axb5 15. axb5 e5 16. Nxe5 Nxe5 17. dxe5 Bxe5 18. Bxe5 Rxe5 19. Qc2 Rc5 20. Qb3 Qd4 21. Rxc5 bxc5 22. b6 cxb6 23. Qxb6 {[#]} Bxe4 (23... Ra3 $1 $17 24. Qxb7 Rxd3) 24. Bxe4 $11 {The position is equal.} Qxe4 25. Qxc5 h5 26. h3 Re8 27. Rd1 Qe2 1/2-1/2

[Event "9th HDBank Open 2019"]
[Site "Ho Chi Minh City"]
[Date "2019.03.08"]
[Round "3.2"]
[White "Bulmaga, Irina"]
[Black "Iturrizaga Bonelli, Eduardo"]
[Result "0-1"]
[WhiteElo "2424"]
[BlackElo "2639"]
[Annotator "TA"]
[PlyCount "114"]
[EventDate "2019.03.07"]
[EventType "swiss"]
[EventCountry "VIE"]
[SourceTitle "playchess.com"]
[Source "ChessBase"]
[SourceQuality "1"]

{[%evp 18,114,22,18,37,18,47,23,31,-3,18,7,43,0,5,-6,14,4,31,0,12,0,0,-18,-4,-97,-120,-107,-120,-114,-102,-112,-110,-126,-109,-183,-164,-170,-128,-124,-121,-171,-172,-152,-138,-141,-129,-139,-100,-96,-93,-118,-123,-93,-110,-223,-195,-402,-404,-408,-380,-391,-328,-995,-990,-923,-915,-1545,-1133,-1632,-1570,-1647,-1637,-1554,-1325,-6119,-5326,-5489,-8226,-29969,-29970,-29970,-29971,-29971,-29972,-29972,-29971,-29968,-29968,-29968,-29969,-29976,-29977,-29976,-29977,-29970,-29966,-5318,-5210]} 1. e4 c5 2. Nf3 d6 3. d4 cxd4 4. Nxd4 Nf6 5. Nc3 Nc6 6. Bg5 e6 7. Qd2 a6 8. O-O-O Bd7 9. f3 Nxd4 10. Qxd4 h6 {B67: Sicilian: Richter-Rauzer: 7...a6 8 0-0-0 Bd7, lines without 9 f4 Be7} (10... Be7 11. Kb1 b5 12. Bxf6 gxf6 13. Ne2 Rc8 14. Qd2 Qb6 15. Nf4 h5 16. g3 Rc7 17. Bd3 Kd8 18. c3 {½-½ (41) Anand,V (2776)-Carlsen,M (2843) Karlsruhe/Baden-Baden 2018}) 11. Be3 Be7 12. g4 Bc6 {White has an edge.} 13. Qd2 Rc8 14. Rg1 $146 ({Predecessor:} 14. Ne2 Nxe4 15. Qd3 Ng5 16. Nd4 Bd5 17. Bg2 Qa5 18. Nf5 Qxa2 19. Nxe7 Kxe7 {0-1 (49) Prasannaa,S (2171)-Navin,K (2358) Bhopal 2013}) 14... b5 15. Ne2 Nd7 16. Nd4 Bb7 17. Kb1 Ne5 18. Qe1 Qc7 19. f4 Bxe4 20. fxe5 dxe5 21. Bd2 (21. Nxb5 $1 $11 axb5 22. Bxb5+ Bc6 23. Qe2) 21... Qb7 $1 $17 ({Reject} 21... Bxc2+ $6 22. Nxc2 Qxc2+ 23. Ka1 $16) 22. Nb3 Bxc2+ 23. Ka1 Bxd1 24. Qxd1 O-O 25. Bg2 Qb6 26. Qe1 {[#]} (26. Rf1 $17) 26... Rc4 $1 $19 27. Be3 Qc7 28. Bf1 Ra4 29. Be2 Rd8 30. h4 Re4 31. Qf2 {[#]} Bxh4 $1 {[%mdl 512]} 32. Qf3 {[#]} (32. Qxh4 Rxe3) 32... Rxe3 $1 33. Qxe3 Bg5 34. Qe4 a5 {Threatens to win with ...a4.} 35. Kb1 g6 $36 {[%mdl 2048] Keeping White busy.} 36. a4 {[#]} (36. Bf3 $17) 36... f5 $1 {[%cal Rf5e4]} 37. Qc2 $2 (37. gxf5 {was worth a try.} exf5 38. Qc2 Qxc2+ 39. Kxc2) 37... Qxc2+ 38. Kxc2 bxa4 39. Nc1 e4 40. Rd1 $2 (40. Bc4 Rc8 41. b3) 40... Rc8+ 41. Kb1 Rxc1+ 42. Rxc1 Bxc1 43. Kxc1 {[%mdl 4096] Endgame KB-KP} Kf7 44. Kd2 Kf6 45. Ke3 Ke5 46. Bd1 f4+ 47. Kd2 Kd4 48. Bxa4 e3+ 49. Ke1 e5 50. Be8 g5 51. Bb5 e4 52. Bc6 f3 53. Bb5 Ke5 54. Bc6 Kf4 55. Bd7 Kg3 56. Bf5 f2+ 57. Ke2 Kg2 {Accuracy: White = 25%, Black = 84%.} 0-1

[Event "9th HDBank Open 2019"]
[Site "Ho Chi Minh City"]
[Date "2019.03.08"]
[Round "3.3"]
[White "Bogdanovich, Stanislav"]
[Black "Setyaki, Azarya Jodi"]
[Result "1-0"]
[WhiteElo "2536"]
[BlackElo "2378"]
[Annotator "RC"]
[PlyCount "85"]
[EventDate "2019.03.07"]
[EventType "swiss"]
[EventCountry "VIE"]
[SourceTitle "playchess.com"]
[Source "ChessBase"]
[SourceQuality "1"]
[TimeControl "5400+30"]

1. c4 {[%emt 0:00:45]} g6 {[%emt 0:04:35]} 2. d4 {[%emt 0:00:48]} Nf6 {[%emt 0:00:13]} 3. Nc3 {[%emt 0:00:32]} d6 {[%emt 0:01:05]} 4. e4 {[%emt 0:00:56]} Nbd7 {[%emt 0:01:06]} 5. Nf3 {[%emt 0:02:10]} e5 {[%emt 0:00:20]} 6. Be2 {[%emt 0:01:32]} Bg7 {[%emt 0:00:16]} 7. O-O {[%emt 0:00:10]} O-O {[%emt 0:00:07]} 8. Be3 {[%emt 0:01:41]} c6 {[%emt 0:02:54]} 9. d5 {[%emt 0:04:42]} c5 {[%emt 0:00:41]} 10. Ne1 {[%emt 0:05:17]} Ne8 {[%emt 0:02:28]} 11. Nd3 {[%emt 0:01:20]} f5 {[%emt 0:00:52]} 12. exf5 {[%emt 0:01:50]} gxf5 {[%emt 0:02:05]} 13. f4 {[%emt 0:00:21]} Qe7 {[%emt 0:11:56]} 14. fxe5 {[%emt 0:06:21]} Nxe5 {[%emt 0:09:45]} 15. Nxe5 {[%emt 0:00:47]} Bxe5 {[%emt 0:01:41]} 16. Qd2 {[%emt 0:07:17]} Nf6 {[%emt 0:04:30]} 17. Bf4 {[%emt 0:01:33]} Bd7 {[%emt 0:01:24]} 18. Rae1 {[%emt 0:08:20]} Rae8 {[%emt 0:06:34]} 19. Bf3 {[%emt 0:08:53]} Bxf4 {[%emt 0:07:05]} 20. Qxf4 {[%emt 0:00:16]} Qxe1 {[%emt 0:00:21]} 21. Rxe1 {[%emt 0:00:13]} Rxe1+ {[%emt 0:00:06]} 22. Kf2 {[%emt 0:00:07]} Re5 {[%emt 0:00:14]} 23. Qg5+ {[%emt 0:02:50]} Kh8 {[%emt 0:04:34]} 24. Qh6 {[%emt 0:00:05]} Kg8 {[%emt 0:01:52]} 25. Qg5+ {[%emt 0:01:28]} Kh8 {[%emt 0:00:41]} 26. Qh6 {[%emt 0:00:03]} Kg8 {[%emt 0:00:11]} 27. h3 {[%emt 0:00:06]} Be8 {[%emt 0:18:04]} 28. Ne2 {[%emt 0:02:04]} b5 {[%emt 0:06:21]} 29. b3 {[%emt 0:04:30]} bxc4 {[%emt 0:00:14]} 30. bxc4 {[%emt 0:00:03]} Bd7 {[%emt 0:08:32]} 31. Nf4 {[%emt 0:01:32]} Re7 {[%emt 0:00:33]} 32. Kg3 {[%emt 0:06:22]} Rg7+ {[%emt 0:00:31]} 33. Kh2 {[%emt 0:02:33]} Rgf7 {[%emt 0:00:21]} 34. Ne6 {[%emt 0:06:47]} Bxe6 {[%emt 0:00:45]} 35. dxe6 {[%emt 0:00:03]} Rg7 {[%emt 0:02:27]} 36. Qf4 {[%emt 0:03:28]} Ne8 {[%emt 0:00:03]} 37. Bh5 {[%emt 0:02:25]} Nf6 {[%emt 0:00:59]} 38. Bf7+ {[%emt 0:00:26]} Rgxf7 {[%emt 0:01:23]} 39. exf7+ {[%emt 0:00:03]} Rxf7 {[%emt 0:00:09]} 40. Qg3+ {[%emt 0:00:58]} Kh8 {[%emt 0:00:41]} 41. Qxd6 {[%emt 0:00:06]} Ne4 {[%emt 0:00:07]} 42. Qe5+ {[%emt 0:00:17]} Kg8 {[%emt 0:00:02]} 43. g4 {[%emt 0:00:47]} 1-0

[Event "9th HDBank Open 2019"]
[Site "Ho Chi Minh City"]
[Date "2019.03.08"]
[Round "3.4"]
[White "Le, Quang Long"]
[Black "Chanda, Sandipan"]
[Result "0-1"]
[WhiteElo "2412"]
[BlackElo "2534"]
[Annotator "TA"]
[PlyCount "60"]
[EventDate "2019.03.07"]
[EventType "swiss"]
[EventCountry "VIE"]
[SourceTitle "playchess.com"]
[Source "ChessBase"]
[SourceQuality "1"]

{[%evp 11,60,26,39,26,65,49,69,49,58,27,27,20,48,40,27,35,46,39,46,40,66,17,48,0,0,0,0,-18,0,-16,0,-95,-108,-167,-165,-163,-171,-333,-349,-442,-431,-876,-876,-4293,-2678,-2227,-1800,-6283,-6283,-29982,-29983]} 1. d4 f5 2. g3 Nf6 3. Bg2 g6 4. c4 Bg7 5. Nf3 O-O 6. O-O e6 {LiveBook: 35 Games. A87: Dutch Defence: Leningrad System: 5 Nf3} (6... d6 7. Nc3 c6 8. Qb3 Na6 9. Re1 Kh8 10. e4 e5 11. exf5 exd4 12. Nxd4 Nc5 13. Qd1 gxf5 14. Bf4 Nce4 15. Rc1 d5 16. Nxe4 Nxe4 {1-0 (35) Mamedyarov,S (2817)-Anton Guijarro,D (2642) St Petersburg 2018}) 7. Bf4 d5 8. Nbd2 c6 {White is slightly better.} 9. Ne5 Nbd7 10. Qb3 $146 (10. Rc1 {keeps more tension.} Ne4 11. Nef3 a5 12. e3 Ndf6 13. c5) ({Predecessor:} 10. Ndf3 Qe7 11. c5 Ne4 12. Qc1 Ndf6 13. Nh4 Nh5 14. Nhxg6 hxg6 15. Nxg6 {1-0 (34) Ploehn,H (2139)-Brem,S (2068) Bayern 2007}) 10... Ne4 11. Nxe4 Nxe5 12. cxd5 cxd5 13. Bxe5 Bxe5 14. dxe5 fxe4 15. Rac1 b6 16. Rc6 Qg5 17. Qc3 Bd7 $1 {[%cal Rd7c6]} 18. Rc7 Rac8 19. Rd1 Qf5 20. f3 exf3 21. exf3 (21. Bxf3 $11 g5 22. Rxc8 Rxc8 23. Qe3) 21... d4 $1 $36 {[%cal Rd4c3][%mdl 2048] Keeping White busy.} 22. Qc4 (22. Qc1 $17) 22... Qxe5 $19 23. Rxc8 {[#]} Qe3+ $1 24. Kh1 $2 (24. Kf1 Rxc8 25. Qe2 Qxe2+ 26. Kxe2) 24... Rxc8 25. Qb3 {[#]} d3 $1 {[%mdl 512]} 26. h4 (26. Qxd3 $142 Qxd3 27. Rxd3 Rc1+ 28. Bf1) 26... Rc1 {And now ...Rxd1+ would win.} 27. Kh2 {[#]} Rxd1 $1 28. Qxd1 Qe2 29. Qc1 d2 30. Qc7 d1=Q {Precision: White = 21%, Black = 52%.} 0-1

[Event "9th HDBank Open 2019"]
[Site "Ho Chi Minh City"]
[Date "2019.03.08"]
[Round "3.5"]
[White "Gukesh D"]
[Black "Pham, Le Thao Nguyen"]
[Result "1-0"]
[WhiteElo "2529"]
[BlackElo "2374"]
[Annotator "RC"]
[PlyCount "75"]
[EventDate "2019.03.07"]
[EventType "swiss"]
[EventCountry "VIE"]
[SourceTitle "playchess.com"]
[Source "ChessBase"]
[SourceQuality "1"]
[TimeControl "5400+30"]

1. Nf3 {[%emt 0:00:00]} Nf6 {[%emt 0:00:24]} 2. g3 {[%emt 0:00:00]} d5 {[%emt 0:00:24]} 3. Bg2 {[%emt 0:00:06]} c6 {[%emt 0:00:56]} 4. O-O {[%emt 0:00:16]} Bf5 {[%emt 0:00:41]} 5. d3 {[%emt 0:00:10]} e6 {[%emt 0:00:22]} 6. Nfd2 {[%emt 0:02:10]} Bc5 {[%emt 0:02:13]} 7. e4 {[%emt 0:02:20]} dxe4 {[%emt 0:03:44]} 8. dxe4 {[%emt 0:00:09]} Bg4 {[%emt 0:00:36]} 9. Qe1 {[%emt 0:00:44]} e5 {[%emt 0:01:54]} 10. h3 {[%emt 0:03:59]} Be6 {[%emt 0:05:32]} 11. Qe2 {[%emt 0:04:38]} Qc7 {[%emt 0:06:26]} 12. Kh1 {[%emt 0:10:33]} Nfd7 {[%emt 0:06:59]} 13. f4 {[%emt 0:01:34]} f6 {[%emt 0:04:32]} 14. Nc3 {[%emt 0:02:00]} Na6 {[%emt 0:05:46]} 15. a3 {[%emt 0:05:08]} O-O {[%emt 0:06:00]} 16. Nf3 {[%emt 0:03:35]} exf4 {[%emt 0:11:58]} 17. gxf4 {[%emt 0:00:14]} Rae8 {[%emt 0:01:03]} 18. b4 {[%emt 0:08:40]} Bb6 {[%emt 0:03:23]} 19. Na4 {[%emt 0:00:55]} Qc8 {[%emt 0:01:53]} 20. c4 {[%emt 0:03:57]} c5 {[%emt 0:02:36]} 21. b5 {[%emt 0:01:00]} Nc7 {[%emt 0:04:21]} 22. Be3 {[%emt 0:15:03]} Re7 {[%emt 0:02:09]} 23. Rad1 {[%emt 0:06:40]} Rfe8 {[%emt 0:04:05]} 24. Nh4 {[%emt 0:00:33]} g6 {[%emt 0:10:44]} 25. f5 {[%emt 0:11:03]} Bf7 {[%emt 0:01:44]} 26. fxg6 {[%emt 0:00:31]} hxg6 {[%emt 0:00:05]} 27. Nxb6 {[%emt 0:01:49]} axb6 {[%emt 0:01:31]} 28. Qg4 {[%emt 0:03:48]} Ne5 {[%emt 0:02:17]} 29. Qg3 {[%emt 0:00:32]} Re6 {[%emt 0:01:30]} 30. Bf4 {[%emt 0:02:01]} Rd8 {[%emt 0:01:19]} 31. Rxd8+ {[%emt 0:03:52]} Qxd8 {[%emt 0:00:01]} 32. Nf5 {[%emt 0:00:34]} Be8 {[%emt 0:05:21]} 33. Nh6+ {[%emt 0:00:55]} Kg7 {[%emt 0:00:37]} 34. Ng4 {[%emt 0:00:05]} Qe7 {[%emt 0:02:04]} 35. Nxf6 {[%emt 0:02:36]} Nxc4 {[%emt 0:00:18]} 36. Bh6+ {[%emt 0:00:29]} Kh8 {[%emt 0:01:27]} 37. Qh4 {[%emt 0:00:20]} Rxf6 {[%emt 0:00:16]} 38. Rxf6 {[%emt 0:00:46]} 1-0

[Event "9th HDBank Open 2019"]
[Site "Ho Chi Minh City"]
[Date "2019.03.08"]
[Round "3.6"]
[White "Cao, Sang"]
[Black "Xu, Yi"]
[Result "1/2-1/2"]
[WhiteElo "2385"]
[BlackElo "2520"]
[Annotator "RC"]
[PlyCount "77"]
[EventDate "2019.03.07"]
[EventType "swiss"]
[EventCountry "VIE"]
[SourceTitle "playchess.com"]
[Source "ChessBase"]
[SourceQuality "1"]
[TimeControl "5400+30"]

1. e4 {[%emt 0:00:00]} c5 {[%emt 0:00:00]} 2. Nf3 {[%emt 0:00:36]} Nc6 {[%emt 0:00:00]} 3. Bb5 {[%emt 0:00:26]} g6 {[%emt 0:00:00]} 4. O-O {[%emt 0:00:25]} Bg7 {[%emt 0:00:00]} 5. Bxc6 {[%emt 0:00:40]} dxc6 {[%emt 0:00:35]} 6. h3 {[%emt 0:03:00]} Nf6 {[%emt 0:00:32]} 7. Nc3 {[%emt 0:00:42]} Nd7 {[%emt 0:03:21]} 8. d3 {[%emt 0:00:51]} e5 {[%emt 0:11:56]} 9. Be3 {[%emt 0:04:35]} b6 {[%emt 0:00:10]} 10. Qd2 {[%emt 0:07:22]} h6 {[%emt 0:00:06]} 11. Nh2 {[%emt 0:00:38]} Nf8 {[%emt 0:00:10]} 12. f4 {[%emt 0:00:23]} exf4 {[%emt 0:00:10]} 13. Rxf4 {[%emt 0:00:19]} Be6 {[%emt 0:08:18]} 14. Raf1 {[%emt 0:02:05]} Nd7 {[%emt 0:00:45]} 15. R4f2 {[%emt 0:00:23]} Ne5 {[%emt 0:04:36]} 16. Nf3 {[%emt 0:02:36]} g5 {[%emt 0:06:49]} 17. Ne2 {[%emt 0:01:32]} Qd6 {[%emt 0:13:13]} 18. Qc1 {[%emt 0:02:31]} O-O-O {[%emt 0:04:43]} 19. Bd2 {[%emt 0:01:50]} c4 {[%emt 0:07:46]} 20. Nxe5 {[%emt 0:02:10]} Bxe5 {[%emt 0:01:49]} 21. Bc3 {[%emt 0:00:12]} Bxc3 {[%emt 0:01:29]} 22. Nxc3 {[%emt 0:00:20]} cxd3 {[%emt 0:01:48]} 23. Rd1 {[%emt 0:00:16]} d2 {[%emt 0:06:51]} 24. Rdxd2 {[%emt 0:06:43]} Qc5 {[%emt 0:01:06]} 25. Rxd8+ {[%emt 0:00:19]} Rxd8 {[%emt 0:00:15]} 26. Qe1 {[%emt 0:00:56]} Qe5 {[%emt 0:01:56]} 27. Rd2 {[%emt 0:03:11]} Qc5+ {[%emt 0:06:46]} 28. Kh2 {[%emt 0:04:16]} Rxd2 {[%emt 0:00:54]} 29. Qxd2 {[%emt 0:00:06]} Kc7 {[%emt 0:00:16]} 30. Kh1 {[%emt 0:02:58]} Qe5 {[%emt 0:08:07]} 31. a4 {[%emt 0:06:52]} h5 {[%emt 0:02:33]} 32. Qf2 {[%emt 0:02:57]} Kb7 {[%emt 0:01:47]} 33. Kg1 {[%emt 0:03:43]} g4 {[%emt 0:00:46]} 34. hxg4 {[%emt 0:01:01]} hxg4 {[%emt 0:00:07]} 35. g3 {[%emt 0:00:10]} f5 {[%emt 0:01:40]} 36. Qf4 {[%emt 0:03:24]} Qd4+ {[%emt 0:03:17]} 37. Qf2 {[%emt 0:00:13]} Qe5 {[%emt 0:00:49]} 38. Qf4 {[%emt 0:00:04]} Qd4+ {[%emt 0:01:09]} 39. Qf2 {[%emt 0:00:05]} 1/2-1/2